[Event "Sanem rapid op 3rd"]
[Site "Sanem"]
[Date "2017.09.24"]
[Round "2"]
[White "Favier, Alain"]
[Black "Andersson, Ulf"]
[Result "0-1"]
[WhiteElo "2081"]
[BlackElo "2523"]
[PlyCount "56"]
[EventDate "2017.09.24"]
[EventType "swiss (rapid)"]
[EventRounds "9"]
[EventCountry "LUX"]
[SourceTitle "CBM 180 Extra"]
[Source "ChessBase"]
[SourceDate "2017.10.06"]
[SourceVersion "1"]
[SourceVersionDate "2017.10.06"]
[SourceQuality "1"]

1. d4 d5 2. c4 dxc4 3. Nf3 Nf6 4. Nc3 c6 5. g3 g6 6. Bg2 Bg7 7. 0-0 0-0 8. Ne5 Be6 9. e4 Nfd7 10. Nxd7 Qxd7 11. Be3 Na6 12. Qd2 Bh3 13. f4 Bxg2 14. Kxg2 f5 15. Rad1 fxe4 16. d5 Nb4 17. dxc6 Qxc6 18. Qd7 Nd3 19. Qxc6 bxc6 20. Nxe4 Bxb2 21. Nd2 c3 22. Nc4 Rfd8 23. Rb1 Rd5 24. a4 Rb8 25. Nxb2 cxb2 26. Kf3 a6 27. Ke4 Rb4+ 28. Kf3 Rxa4 0-1

[Event "Bayern-chI Bank Hofmann 20th"]
[Site "Bad Wiessee"]
[Date "2016.11.04"]
[Round "7"]
[White "Cordes, Hans Joerg"]
[Black "Andersson, Ulf"]
[Result "1/2-1/2"]
[WhiteElo "2244"]
[BlackElo "2521"]
[PlyCount "64"]
[EventDate "2016.10.29"]
[EventType "swiss"]
[EventRounds "9"]
[EventCountry "GER"]
[SourceTitle "CBM 175 Extra"]
[Source "ChessBase"]
[SourceDate "2016.12.12"]
[SourceVersion "1"]
[SourceVersionDate "2016.12.12"]
[SourceQuality "1"]

1. d4 Nf6 2. Bg5 e6 3. Nd2 d5 4. e3 Be7 5. Bd3 b6 6. c3 Bb7 7. Bxf6 Bxf6 8. f4 Nd7 9. Ngf3 c5 10. 0-0 g6 11. Ne5 0-0 12. Qa4 Nxe5 13. fxe5 Bg7 14. b4 Qc7 15. Rac1 Bh6 16. Rfe1 Rfc8 17. Rc2 a5 18. b5 cxd4 19. cxd4 Qe7 20. Nf1 Rxc2 21. Qxc2 Rc8 22. Qb2 Qc7 23. Re2 Qc3 24. Qxc3 Rxc3 25. Rd2 f6 26. exf6 Kf7 27. Rc2 Rxc2 28. Bxc2 Kxf6 29. Kf2 e5 30. dxe5+ Kxe5 31. Nd2 d4 32. Nf3+ Kd5 1/2-1/2

[Event "Bayern-chI Bank Hofmann 20th"]
[Site "Bad Wiessee"]
[Date "2016.10.29"]
[Round "1"]
[White "Andersson, Ulf"]
[Black "Aldag, Benjamin"]
[Result "1-0"]
[WhiteElo "2521"]
[BlackElo "1944"]
[PlyCount "91"]
[EventDate "2016.10.29"]
[EventType "swiss"]
[EventRounds "9"]
[EventCountry "GER"]
[SourceTitle "CBM 175 Extra"]
[Source "ChessBase"]
[SourceDate "2016.12.12"]
[SourceVersion "1"]
[SourceVersionDate "2016.12.12"]
[SourceQuality "1"]

1. Nf3 c5 2. c4 Nc6 3. Nc3 Nf6 4. g3 g6 5. Bg2 Bg7 6. d4 cxd4 7. Nxd4 Qb6 8. Nc2 d6 9. 0-0 0-0 10. b3 Bd7 11. Bd2 Qd8 12. Rc1 Qc8 13. Re1 h5 14. Ne3 Be6 15. Ncd5 Qd7 16. Nf4 Rfd8 17. Bc3 Bf5 18. Nfd5 Kf8 19. Nxf6 Bxf6 20. Bxf6 exf6 21. Qd2 Kg7 22. Red1 Rac8 23. Qb2 Be6 24. Rd2 Qe7 25. Rcd1 Rd7 26. Qc3 Rcd8 27. f4 Qf8 28. Kf2 Ne7 29. Bf3 Qh8 30. Qb4 Nf5 31. Nxf5+ Bxf5 32. Rxd6 Qf8 33. c5 b6 34. Qd4 Rxd6 35. cxd6 Bd7 36. a4 Qe8 37. Rd3 Rb8 38. Re3 Qd8 39. Re7 a6 40. Qd5 Be8 41. h3 b5 42. a5 b4 43. g4 h4 44. Qd4 Qxa5 45. d7 Bxd7 46. Rxd7 1-0

[Event "SWE-chT 1516 Superettan"]
[Site "Sweden"]
[Date "2016.02.27"]
[Round "6"]
[White "Andersson, Ulf"]
[Black "Lindahl, Emil"]
[Result "1-0"]
[WhiteElo "2512"]
[BlackElo "2182"]
[PlyCount "119"]
[EventDate "2015.11.06"]
[EventType "team-tourn"]
[EventRounds "9"]
[EventCountry "SWE"]
[SourceTitle "EXT 2018"]
[Source "ChessBase"]
[SourceDate "2017.10.13"]
[SourceVersion "1"]
[SourceVersionDate "2017.10.13"]
[SourceQuality "1"]
[WhiteTeam "Malmo"]
[BlackTeam "Vaxjo"]
[WhiteTeamCountry "SWE"]
[BlackTeamCountry "SWE"]

1. Nf3 Nf6 2. c4 c5 3. g3 b6 4. Bg2 Bb7 5. 0-0 e6 6. Nc3 Be7 7. d4 cxd4 8. Qxd4 a6 9. b3 d6 10. Ba3 0-0 11. Rfd1 Ne8 12. e4 Qc7 13. Qe3 Nd7 14. e5 Rd8 15. exd6 Bxd6 16. Bxd6 Nxd6 17. Qf4 Nf6 18. Rd3 Bxf3 19. Qxf3 b5 20. cxb5 Nxb5 21. Nxb5 axb5 22. a4 bxa4 23. bxa4 Qe5 24. Rad1 Nd5 25. Qe4 Qc7 26. Qe1 Ra8 27. Ra1 Ra5 28. Qd2 Rd8 29. Bf3 h6 30. h4 Qa7 31. Rd4 Ra8 32. h5 Qc5 33. Kg2 Qc6 34. Qd1 Rc8 35. Qb3 Qc3 36. Qd1 Qc2 37. Qxc2 Rxc2 38. Be4 Rcc5 39. Rb1 f5 40. Bxd5 Rxd5 41. Rxd5 Rxd5 42. Ra1 Ra5 43. f4 Kf7 44. Kf3 Ke7 45. Ke3 Kd6 46. Kd4 e5+ 47. fxe5+ Rxe5 48. a5 Re4+ 49. Kd3 Kc7 50. a6 Kb8 51. Rb1+ Ka8 52. Rb6 g5 53. hxg6 Rg4 54. Ke3 Ka7 55. Rf6 h5 56. Kf3 Ka8 57. Rxf5 Rxg6 58. Rxh5 Rxa6 59. Rb5 Ra4 60. g4 1-0

[Event "Malmo op"]
[Site "Malmo"]
[Date "2015.12.19"]
[Round "2"]
[White "Fries Nielsen, Niels Jorgen"]
[Black "Andersson, Ulf"]
[Result "1/2-1/2"]
[WhiteElo "2309"]
[BlackElo "2512"]
[PlyCount "25"]
[EventDate "2015.12.18"]
[EventType "swiss"]
[EventRounds "7"]
[EventCountry "SWE"]
[SourceTitle "EXT 2017"]
[Source "ChessBase"]
[SourceDate "2016.10.25"]
[SourceVersion "1"]
[SourceVersionDate "2016.10.25"]
[SourceQuality "1"]

1. d4 Nf6 2. Nf3 e6 3. Bf4 Bd6 4. Bxd6 cxd6 5. Nbd2 d5 6. c3 b6 7. e3 0-0 8. Bd3 Ba6 9. Bxa6 Nxa6 10. Qe2 Nc7 11. 0-0 Qc8 12. Rfe1 Qb7 13. Ne5 1/2-1/2